ZINKY BOYS SOVIET VOICES FROM THE AFGHAN (Record no. 27849)

MARC details
000 -LEADER
fixed length control field 00356nam a2200133Ia 4500
008 - FIXED-LENGTH DATA ELEMENTS--GENERAL INFORMATION
fixed length control field 240624s9999 xx 000 0 und d
041 ## - LANGUAGE CODE
Language code of text/sound track or separate title eng
082 ## - DEWEY DECIMAL CLASSIFICATION NUMBER
Classification number 958.104 ALE
100 ## - MAIN ENTRY--PERSONAL NAME
Personal name ALEXIEVICH SVETLANA
245 ## - TITLE STATEMENT
Title ZINKY BOYS SOVIET VOICES FROM THE AFGHAN
260 ## - PUBLICATION, DISTRIBUTION, ETC.
Date of publication, distribution, etc. 1990
Place of publication, distribution, etc. London
Name of publisher, distributor, etc. Norton & Company Ltd.
300 ## - PHYSICAL DESCRIPTION
Extent 197 : p. : cm. ; 28
365 ## - TRADE PRICE
Currency code RS
Holdings
Withdrawn status Lost status Damaged status Not for loan Home library Current library Shelving location Date acquired Cost, normal purchase price Total Checkouts Full call number Barcode Date last seen Date last checked out Copy number Price effective from Koha item type
        IMTN IMTN Rack 41-B 08/26/2016 796.00 1 958.104 ALE 27849 10/17/2025 10/08/2025 1 06/24/2024 Books
Designed & Maintained by: LRC IMT Nagpur Contact: lrc@imtnag.ac.in© 2024. All Rights Reserved.